| 000 | 01134cam a2200289 4500 | ||
|---|---|---|---|
| 001 | M53 | ||
| 008 | 090401t1988 xxu||||| |||| 00| 0 eng d | ||
| 035 | _a(Sirsi) u39565 | ||
| 041 | _aeng | ||
| 050 | _a692.50285 | ||
| 090 | _aRICS 1988/7ABCDE | ||
| 100 | _aBrandon, Peter S | ||
| 245 | _aApplication of expert systems to quantity surveying: the strategic planning of construction projects: the RICS/Alvey research project for chartered quantity surveyors. | ||
| 260 |
_aLondon _bRICS _c1988 |
||
| 300 | _avi, 100p.; 30cm. | ||
| 350 | _a30 | ||
| 520 | _aThe first section of the title is taken from the title page, the second from part of the front cover and the third from the spine. The ISBN was used for an earlier publication so has not been quoted. Research project funded by the Alvey Directorate. | ||
| 650 | _aALVEY | ||
| 650 | _aCOMPUTERS | ||
| 700 | _aBasden, Andrew | ||
| 700 | _aHamilton, Ian W. | ||
| 700 | _aStockley, Joyce E. | ||
| 710 |
_aRoyal Institution of Chartered Surveyors _bQuantity Surveyors' Division _91263 |
||
| 710 |
_aUniversity of Salford. _93465 |
||
| 942 | _n0 | ||
| 948 | _c04/03/1997 | ||
| 999 |
_c90803 _d90803 |
||